<?xml version="1.0" encoding="UTF-8"?>
<collection xmlns="http://www.loc.gov/MARC21/slim">
  <record>
    <leader>00000nam  2200000   4500</leader>
    <controlfield tag="001">INLIS000000000019032</controlfield>
    <controlfield tag="005">20250130100027</controlfield>
    <datafield tag="035" ind1="#" ind2="#">
      <subfield code="a">0010-0125000176</subfield>
    </datafield>
    <controlfield tag="007">ta</controlfield>
    <controlfield tag="008">250130################g##########0#ind##</controlfield>
    <datafield tag="100" ind1=" " ind2="#">
      <subfield code="a">Mawardi Khairi</subfield>
    </datafield>
    <datafield tag="245" ind1="1" ind2="#">
      <subfield code="a">Buku Ajar Hukum Ketenagakerjaan /</subfield>
      <subfield code="c">Mawardi Khairi, dkk</subfield>
    </datafield>
    <datafield tag="260" ind1="#" ind2="#">
      <subfield code="a">Sleman :</subfield>
      <subfield code="b">Deepublish,</subfield>
      <subfield code="c">2021</subfield>
    </datafield>
    <datafield tag="300" ind1="#" ind2="#">
      <subfield code="a">x, 120 hlm. ;</subfield>
      <subfield code="c">2.7 MB</subfield>
    </datafield>
    <datafield tag="650" ind1="#" ind2="4">
      <subfield code="a">Hukum Ketenagakerjaan</subfield>
    </datafield>
    <datafield tag="020" ind1="#" ind2="#">
      <subfield code="a">978-623-02-2604-5</subfield>
    </datafield>
    <datafield tag="082" ind1="#" ind2="#">
      <subfield code="a">344.0101</subfield>
    </datafield>
    <datafield tag="084" ind1="#" ind2="#">
      <subfield code="a">344.0101  MAW b</subfield>
    </datafield>
    <datafield tag="520" ind1="#" ind2="#">
      <subfield code="a">Buku ajar ini kami susun dalam rangka menambah literatur pembelajaran agar capaian pembelajaran yang sudah di tetapkan dalam Rencana Pembelajaran Semester (RPS) dapat tercapai. Dinamika pengaturan ketenagakerjaan merupakan salah satu hal yang bersifat krusial karena meyangkut hajat hidup orang banyak atas pekerjaan. Disisi lain Negara diamanatkan oleh konstitusi untuk menyiapkan pekerjaan yang layak bagi semua warga negara,namun disisi lain negara belum mampu menghadirkan secara keseluruhan tujuan bernegara,sehingga keterlibatan pihak swasta menjadi hal penting dalam menghadirkan lapangan pekerjaan.</subfield>
    </datafield>
    <datafield tag="856" ind1="#" ind2="#">
      <subfield code="a">https://web-ipustakalan.moco.co.id/book/617fe983-349f-45f2-8003-5571f1978f5f</subfield>
    </datafield>
    <datafield tag="990" ind1="#" ind2="#">
      <subfield code="a">2024/4/A/0082</subfield>
    </datafield>
    <datafield tag="990" ind1="#" ind2="#">
      <subfield code="a">2024/4/A/0083</subfield>
    </datafield>
  </record>
</collection>
